World's Grand Speeches (Record no. 11408)
[ view plain ]
| 000 -LEADER | |
|---|---|
| fixed length control field | 00324nam a22001217a 4500 |
| 008 - FIXED-LENGTH DATA ELEMENTS--GENERAL INFORMATION | |
| fixed length control field | 161214b xxu||||| |||| 00| 0 eng d |
| 050 ## - LIBRARY OF CONGRESS CALL NUMBER | |
| Classification Number | PN 6121 |
| Item Number | .W |
| 100 ## - MAIN ENTRY--Author | |
| Personal name | Kalia Payal |
| 245 ## - TITLE | |
| Title | World's Grand Speeches |
| 260 ## - PUBLICATION, DISTRIBUTION, ETC.(IMPRINT) | |
| Place of publication, distribution, etc | New Delhi: |
| Name of publisher, distributor, etc | Vishal Paperbacks, |
| Date of publication, distribution, etc | [not identified]. |
| 300 ## - PHYSICAL DESCRIPTION | |
| Extent | 224 p. |
| Dimensions | 21.5cm |
| 942 ## - ADDED ENTRY ELEMENTS(KOHA) | |
| Source of classification or shelving scheme | Library of Congress Classification |
| Koha item type | Books |
| Source of classification or shelving scheme | Use Restrictions | Not for loan | Location (home branch) | Sublocation (holding branch) | Shelving Location | Date accessioned | Full call number | Barcode | Koha item type |
|---|---|---|---|---|---|---|---|---|---|
| Library of Congress Classification | Restricted Access | Not For Loan | Jesuit Historical Institute in Africa | Jesuit Historical Institute in Africa | General Stacks | 14/12/2016 | PN 6121 .W | 14505 | Books |